00677nab a2200205 uc450000100070000000500170000700800410002403500110006503500210007604000130009704100080011010000320011824500690015065000310021965000230025065000290027365000300030265000340033277301050036690506420250128091229.0050119e20031205 spa  a905064 a(OCoLC)820303275 ccomduadb aspa10aOrduna Diez, Luis4auteaut13aLa empresa y el problema de su gobierno: analisis desde la etica 7aGobierno corporativo2lemb 7aCorrupción2lemb 7aResponsabilidad social2 aEnron (Empresa comercial) 7aÉtica de los negocios2lemb0 tCuadernos de Estudios Empresariales (España)gVol. 13, 2003, p. 215-287w847306x1131-69850296290